Name Every Country By Picture - Statistics

General Stats
  • This quiz has been taken 3,164 times
    2,784 since last reset
  • The average score is 77 of 194
Answer Stats
Picture Answer % Correct
Australia
97%
Japan
97%
Russia
96%
United Kingdom
96%
France
95%
Egypt
94%
United States
94%
Brazil
93%
India
93%
Italy
93%
China
92%
Greece
91%
Mexico
90%
Netherlands
89%
Spain
87%
Norway
83%
Saudi Arabia
83%
Turkey
83%
Finland
82%
North Korea
81%
Cuba
79%
Nepal
78%
Denmark
77%
Singapore
77%
Sweden
77%
United Arab Emirates
77%
Canada
76%
Vatican City
76%
Germany
74%
Jordan
73%
Switzerland
73%
Israel
72%
Malaysia
71%
South Korea
71%
Belgium
69%
Iceland
69%
Mongolia
68%
Portugal
67%
Peru
66%
Cambodia
64%
Maldives
64%
Monaco
64%
Jamaica
63%
Austria
62%
Tanzania
62%
Croatia
61%
Czech Republic
61%
Romania
60%
Thailand
60%
Madagascar
59%
Argentina
58%
Iraq
57%
Vietnam
56%
Poland
55%
Slovenia
55%
South Africa
55%
Hungary
54%
Myanmar
53%
Bhutan
51%
Chile
51%
Ireland
51%
Panama
50%
Iran
49%
Kazakhstan
49%
Uzbekistan
49%
Indonesia
48%
Sudan
48%
Latvia
47%
Ukraine
47%
Cyprus
46%
Kiribati
46%
Nauru
46%
Syria
46%
Bosnia and Herzegovina
45%
Bolivia
44%
Estonia
43%
Slovakia
43%
Azerbaijan
42%
Venezuela
42%
Mali
41%
Malta
41%
Qatar
41%
Turkmenistan
41%
Bahrain
40%
Montenegro
40%
Mauritius
38%
Namibia
38%
Afghanistan
37%
Bulgaria
37%
Georgia
36%
Zambia
36%
Central African Republic
35%
Kuwait
35%
Yemen
35%
Bangladesh
34%
Botswana
33%
Liechtenstein
33%
Mauritania
33%
Papua-New Guinea
33%
Colombia
32%
Marshall Islands
32%
Pakistan
32%
Andorra
31%
Nigeria
31%
South Sudan
31%
Laos
30%
San Marino
30%
Serbia
30%
Bahamas
29%
Ecuador
29%
Armenia
28%
Belarus
28%
Honduras
28%
Kyrgyzstan
28%
New Zealand
28%
Brunei
27%
Ethiopia
27%
Luxembourg
27%
Morocco
27%
Belize
26%
Guinea-Bissau
26%
Philippines
26%
Albania
25%
Sri Lanka
25%
Uruguay
25%
Oman
24%
Somalia
23%
Lithuania
22%
Palau
22%
Seychelles
22%
Uganda
22%
Algeria
21%
Guatemala
21%
Moldova
21%
Democratic Republic of the Congo
20%
Vanuatu
20%
Kenya
19%
Tunisia
19%
Costa Rica
18%
El Salvador
18%
Dominican Republic
17%
Ivory Coast
17%
Eswatini
16%
Haiti
16%
North Macedonia
16%
Federated States of Micronesia
15%
Nicaragua
15%
Tajikistan
15%
Angola
14%
Lebanon
14%
Saint Lucia
14%
Zimbabwe
14%
Chad
13%
Fiji
13%
Tonga
13%
Benin
12%
Burkina Faso
12%
East Timor
12%
Ghana
12%
Libya
12%
Niger
12%
Saint Kitts and Nevis
12%
Senegal
12%
Solomon Islands
12%
Tuvalu
12%
Barbados
11%
Djibouti
11%
Lesotho
11%
Samoa
11%
Saõ Tome and Principe
11%
Togo
11%
Cameroon
10%
Cape Verde
10%
Comoros
10%
Dominica
10%
Grenada
10%
Rwanda
10%
Saint Vincent and the Grenadines
10%
Suriname
10%
Antigua and Barbuda
9%
Burundi
9%
Eritrea
9%
Gabon
9%
Guyana
9%
Paraguay
9%
Gambia
8%
Guinea
8%
Liberia
8%
Malawi
8%
Sierra Leone
8%
Trinidad and Tobago
8%
Equatorial Guinea
7%
Mozambique
7%
Republic of Congo
7%
No matching quizzes found
Score Distribution
Percent of People with Each Score
Percentile by Number Answered
Your Score History
You have not taken this quiz since the last reset